Kitab at-tawheed explained (Record no. 542242)
[ view plain ]
| 000 -LEADER | |
|---|---|
| fixed length control field | 00471cam a2200133 a 4500 |
| 100 0# - MAIN ENTRY--PERSONAL NAME | |
| Personal name | Muḥammad ibn ʻAbd al-Wahhāb, |
| 9 (RLIN) | 37362 |
| 245 10 - TITLE STATEMENT | |
| Title | Kitab at-tawheed explained |
| Statement of responsibility, etc. | Imam Muhammad ibn Abdul Wahab ; explanation compiled and translated by Sameh Strauch. |
| 260 ## - PUBLICATION, DISTRIBUTION, ETC. | |
| Place of publication, distribution, etc. | Riyadh, Saudi Arabia : |
| Name of publisher, distributor, etc. | International Islamic Pub. House, IIPH, |
| Date of publication, distribution, etc. | 2002. |
| 300 ## - PHYSICAL DESCRIPTION | |
| Extent | 463 p. ; |
| Dimensions | 22 cm. |
| 526 ## - STUDY PROGRAM INFORMATION NOTE | |
| Program name | 0 |
| Interest level | 0 |
| Reading level | 0 |
| 650 #0 - SUBJECT ADDED ENTRY--TOPICAL TERM | |
| Topical term or geographic name entry element | God (Islam) |
| 9 (RLIN) | 37114 |
| 650 #0 - SUBJECT ADDED ENTRY--TOPICAL TERM | |
| Topical term or geographic name entry element | MCE |
| 9 (RLIN) | 379 |
| 942 ## - ADDED ENTRY ELEMENTS (KOHA) | |
| Source of classification or shelving scheme | |
| Koha item type | Book |
| Withdrawn status | Lost status | Source of classification or shelving scheme | Damaged status | Not for loan | Permanent Location | Current Location | Date acquired | Total Checkouts | Barcode | Date last seen | Price effective from | Koha item type |
|---|---|---|---|---|---|---|---|---|---|---|---|---|
| Military College of Engineering (MCE) | Military College of Engineering (MCE) | 09/26/2013 | MCE-34522 | 09/26/2013 | 09/26/2013 | Book |
